[Event "GRE-chT 45th"]
[Site "Achaia"]
[Date "2017.07.03"]
[Round "1.5"]
[White "Diamanteas, Petros"]
[Black "Poulopoulos, Ioannis"]
[Result "0-1"]
[WhiteElo "1924"]
[BlackElo "2252"]
[PlyCount "68"]
[EventDate "2017.07.03"]
[EventType "team-swiss"]
[EventRounds "7"]
[EventCountry "GRE"]
[SourceTitle "CBM 179 Extra"]
[Source "ChessBase"]
[SourceDate "2017.08.23"]
[SourceVersion "1"]
[SourceVersionDate "2017.08.23"]
[SourceQuality "1"]
[WhiteTeam "Kalamata Poseidon"]
[BlackTeam "Panionios GA"]
[WhiteTeamCountry "GRE"]
[BlackTeamCountry "GRE"]

1. Nf3 Nf6 2. d4 e6 3. Bf4 c5 4. c3 b6 5. e3 Bb7 6. Nbd2 cxd4 7. cxd4 Be7 8. Be2 Nh5 9. Bg3 0-0 10. 0-0 Nxg3 11. hxg3 d6 12. Rc1 Nd7 13. Ne1 Nf6 14. Bf3 d5 15. Qa4 a6 16. Be2 Ne4 17. Nb1 Bd6 18. Nf3 b5 19. Qb3 Qf6 20. a4 b4 21. Nbd2 Nxd2 22. Nxd2 Rac8 23. f4 Qe7 24. Nf3 f6 25. Nd2 Kh8 26. Bf3 Rcd8 27. Rfd1 e5 28. dxe5 fxe5 29. fxe5 Bxe5 30. Nf1 d4 31. Bxb7 Qxb7 32. Rc4 Qf7 33. Rxb4 Qf2+ 34. Kh1 dxe3 0-1

[Event "GRE-chT 43rd"]
[Site "Porto Rio"]
[Date "2015.10.12"]
[Round "7.8"]
[White "Kirgeridis, Panagiotis"]
[Black "Diamanteas, Petros"]
[Result "0-1"]
[WhiteElo "2051"]
[BlackElo "1967"]
[PlyCount "94"]
[EventDate "2015.10.08"]
[EventType "team-swiss"]
[EventRounds "7"]
[EventCountry "GRE"]
[SourceTitle "CBM 168 Extra"]
[Source "ChessBase"]
[SourceDate "2015.10.29"]
[SourceVersion "1"]
[SourceVersionDate "2015.10.29"]
[SourceQuality "1"]
[WhiteTeam "Polichnis"]
[BlackTeam "Kalamata Poseidon"]
[WhiteTeamCountry "GRE"]
[BlackTeamCountry "GRE"]

1. d4 Nf6 2. c4 c5 3. d5 e6 4. Nc3 exd5 5. cxd5 d6 6. e4 a6 7. a4 g6 8. Nge2 Bg7 9. Ng3 Qc7 10. Be2 Nbd7 11. 0-0 b6 12. f4 Bb7 13. Be3 0-0 14. Qd2 Rac8 15. Rae1 Rfd8 16. b3 Nf8 17. Kh1 Rd7 18. Bc4 Re8 19. Qd3 Qc8 20. Bg1 Qa8 21. Rd1 h5 22. Rfe1 Rde7 23. Re2 h4 24. Nf1 Nh5 25. Be3 Bxc3 26. Qxc3 Rxe4 27. Qe1 h3 28. gxh3 Qc8 29. Kg2 Qf5 30. Ng3 Nxg3 31. hxg3 Qd7 32. Qd2 Qe7 33. Rde1 Qd7 34. Qd3 Bc8 35. g4 Qa7 36. Bc1 Rxe2+ 37. Rxe2 Rxe2+ 38. Qxe2 Qb7 39. Qd3 Ne6 40. f5 Nd4 41. Qg3 b5 42. Qxd6 bxc4 43. Bh6 Kh7 44. Bf8 f6 45. fxg6+ Kxg6 46. Be7 Be6 47. Qxc5 Qxd5+ 0-1

[Event "GRE ESSPEP-ch"]
[Site "Peloponnisos"]
[Date "2014.03.22"]
[Round "2"]
[White "Diamanteas, Petros"]
[Black "Klabatseas, Hristos"]
[Result "1-0"]
[WhiteElo "1967"]
[BlackElo "1427"]
[PlyCount "55"]
[EventDate "2014.03.21"]
[EventType "swiss"]
[EventRounds "5"]
[EventCountry "GRE"]
[SourceTitle "EXT 2024"]
[Source "ChessBase"]
[SourceDate "2023.10.10"]
[SourceVersion "1"]
[SourceVersionDate "2023.10.10"]
[SourceQuality "1"]

1. e4 e5 2. Nf3 Nc6 3. Bb5 a6 4. Ba4 Nf6 5. 0-0 b5 6. Bb3 Be7 7. c3 0-0 8. Re1 Bb7 9. d4 exd4 10. cxd4 d5 11. e5 Ne4 12. Nc3 Nxc3 13. bxc3 Na5 14. Bc2 c5 15. Qd3 g6 16. Bh6 Re8 17. Qd2 Rc8 18. Bd3 Qb6 19. Qf4 c4 20. Bc2 Qe6 21. Ng5 Bxg5 22. Bxg5 f5 23. h4 Rc7 24. h5 Bc8 25. Bf6 Qf7 26. Re3 Nc6 27. hxg6 hxg6 28. Rh3 1-0

[Event "GRE ESSPEP-ch"]
[Site "Peloponnisos"]
[Date "2014.03.22"]
[Round "3"]
[White "Dimitropoulos, Vasilios"]
[Black "Diamanteas, Petros"]
[Result "1-0"]
[WhiteElo "1565"]
[BlackElo "1967"]
[PlyCount "65"]
[EventDate "2014.03.21"]
[EventType "swiss"]
[EventRounds "5"]
[EventCountry "GRE"]
[SourceTitle "EXT 2024"]
[Source "ChessBase"]
[SourceDate "2023.10.10"]
[SourceVersion "1"]
[SourceVersionDate "2023.10.10"]
[SourceQuality "1"]

1. d4 Nf6 2. Nf3 e6 3. Bg5 d5 4. e3 Be7 5. Bd3 Nbd7 6. 0-0 Ng4 7. Bxe7 Qxe7 8. h3 h5 9. c4 dxc4 10. Bxc4 Nb6 11. Bb3 e5 12. dxe5 Nxe5 13. Nc3 Bd7 14. Nxe5 Qxe5 15. Qf3 0-0-0 16. Rfd1 g5 17. Qxf7 Rdf8 18. Qg6 g4 19. h4 g3 20. Qxg3 Qe8 21. Rac1 Na8 22. Nd5 Bc6 23. Nf4 Rf6 24. Qg7 Rhf8 25. Ne6 Rxf2 26. Rxc6 bxc6 27. Rd8+ Qxd8 28. Nxd8 Kxd8 29. Qd4+ Ke7 30. Qc5+ Kd7 31. Qxh5 Nb6 32. Qg4+ Kd8 33. h5 1-0

[Event "Kalamata NOK op 4th"]
[Site "Kalamata"]
[Date "2013.11.24"]
[Round "7.1"]
[White "Diamanteas, Petros"]
[Black "Kalogerakos, Stamatis"]
[Result "1-0"]
[WhiteElo "1974"]
[BlackElo "1781"]
[PlyCount "75"]
[EventDate "2013.10.13"]
[EventType "swiss"]
[EventRounds "7"]
[EventCountry "GRE"]
[SourceTitle "EXT 2024"]
[Source "ChessBase"]
[SourceDate "2023.10.10"]
[SourceVersion "1"]
[SourceVersionDate "2023.10.10"]
[SourceQuality "1"]

1. d4 Nf6 2. c4 e6 3. Nf3 b6 4. Bg5 Bb7 5. Nbd2 Be7 6. Qc2 d5 7. e3 0-0 8. Bd3 h6 9. Bxf6 Bxf6 10. 0-0-0 Na6 11. a3 c5 12. Kb1 cxd4 13. exd4 dxc4 14. Bxc4 Nc7 15. Ne4 Bd5 16. Nxf6+ Qxf6 17. Bxd5 Nxd5 18. Qe4 a5 19. h4 Rac8 20. Rd2 Rc7 21. g3 Rfc8 22. Ne5 a4 23. Ng4 Qe7 24. Ne3 Nf6 25. Qe5 Rd8 26. Re1 Qd6 27. Rc2 Rxc2 28. Nxc2 Nd5 29. Qxd6 Rxd6 30. Kc1 Kf8 31. Kd2 Ke7 32. Ne3 Kd7 33. Nc4 Rc6 34. Ne5+ Kd6 35. Nxc6 Kxc6 36. Kd3 b5 37. Rc1+ Kb6 38. Rc8 1-0

[Event "Kalamata NOK op 4th"]
[Site "Kalamata"]
[Date "2013.10.20"]
[Round "2.2"]
[White "Diamanteas, Petros"]
[Black "Klabatseas, Hristos"]
[Result "1-0"]
[WhiteElo "1974"]
[BlackElo "1405"]
[PlyCount "95"]
[EventDate "2013.10.13"]
[EventType "swiss"]
[EventRounds "7"]
[EventCountry "GRE"]
[SourceTitle "EXT 2024"]
[Source "ChessBase"]
[SourceDate "2023.10.10"]
[SourceVersion "1"]
[SourceVersionDate "2023.10.10"]
[SourceQuality "1"]

1. c4 e5 2. g3 Nf6 3. Bg2 Bc5 4. Nc3 0-0 5. Nf3 Re8 6. 0-0 c6 7. a3 a6 8. d4 exd4 9. Nxd4 d6 10. b4 Bb6 11. Bb2 Be6 12. Qd3 Qe7 13. Rad1 Bc7 14. Rfe1 Nbd7 15. f4 Nb6 16. Nxe6 Qxe6 17. c5 dxc5 18. bxc5 Nc4 19. Bc1 Ne3 20. Bxe3 Qxe3+ 21. Qxe3 Rxe3 22. Rd3 Rxd3 23. exd3 Ba5 24. Rc1 Rd8 25. Bf1 Nd5 26. Ne4 Rd7 27. Kf2 Kf8 28. Rc2 h6 29. Nd6 Re7 30. Bg2 Be1+ 31. Kf3 h5 32. Re2 b6 33. Rxe7 Kxe7 34. Nc8+ Kd8 35. Nxb6 Nxb6 36. cxb6 Ba5 37. b7 Bc7 38. Ke4 g6 39. f5 Bd6 40. fxg6 fxg6 41. Bh3 Kc7 42. a4 Kd8 43. d4 Ke7 44. a5 Kd8 45. Bf1 Kc7 46. Bxa6 Kb8 47. Bc4 Kxb7 48. Bf7 1-0

[Event "GRE-chT 40th"]
[Site "Achaia"]
[Date "2012.06.30"]
[Round "1.2"]
[White "Diamanteas, Petros"]
[Black "Skembris, Spyridon"]
[Result "0-1"]
[WhiteElo "1969"]
[BlackElo "2460"]
[PlyCount "98"]
[EventDate "2012.06.30"]
[EventType "team-swiss"]
[EventRounds "7"]
[EventCountry "GRE"]
[SourceTitle "CBM 149 Extra"]
[Source "ChessBase"]
[SourceDate "2012.08.24"]
[SourceVersion "1"]
[SourceVersionDate "2012.08.24"]
[SourceQuality "1"]
[WhiteTeam "Kalamata Poseidon"]
[BlackTeam "Kavalas"]
[WhiteTeamCountry "GRE"]
[BlackTeamCountry "GRE"]

1. d4 g6 2. e4 c6 3. g3 Bg7 4. Bg2 d5 5. exd5 cxd5 6. Nc3 e6 7. Nf3 Nc6 8. 0-0 Nge7 9. Ne2 0-0 10. Ne1 b6 11. c3 Ba6 12. Nc2 Rc8 13. Re1 Nf5 14. Nf4 Re8 15. Nd3 h5 16. Ncb4 Nxb4 17. Nxb4 Bc4 18. Nc2 a5 19. Ne3 Nd6 20. Nxc4 Nxc4 21. Qd3 b5 22. a4 bxa4 23. Rxa4 Qb6 24. Qc2 Rb8 25. Ra2 Rec8 26. Bf4 Rb7 27. Bf1 a4 28. Bxc4 Rxc4 29. Rxa4 Rxa4 30. Qxa4 Qxb2 31. Qa1 Qb5 32. h4 Kh7 33. Be5 Bxe5 34. Rxe5 Qd3 35. Re1 Rb3 36. Qa7 Qf3 37. Qe7 Rb2 38. Rf1 Rc2 39. Qg5 Rxc3 40. Rc1 Rd3 41. Qe5 Qe4 42. Qxe4 dxe4 43. Rc7 Kg7 44. Rd7 Kf8 45. Kf1 Ke8 46. Ra7 Rxd4 47. Ke2 Rd7 48. Ra4 f5 49. Ke3 Ke7 0-1

[Event "Kalamata NOK op 1st "]
[Site "Kalamata"]
[Date "2011.04.29"]
[Round "1"]
[White "Sakellariou, Evangelos"]
[Black "Diamanteas, Petros"]
[Result "0-1"]
[WhiteElo "1165"]
[BlackElo "1986"]
[PlyCount "76"]
[EventDate "2011.04.29"]
[EventType "swiss"]
[EventRounds "5"]
[EventCountry "GRE"]
[SourceTitle "EXT 2024"]
[Source "ChessBase"]
[SourceDate "2023.10.10"]
[SourceVersion "1"]
[SourceVersionDate "2023.10.10"]
[SourceQuality "1"]

1. d4 d5 2. c4 c6 3. Nf3 Nf6 4. Nc3 g6 5. e3 Bg7 6. Bd3 0-0 7. 0-0 Re8 8. e4 dxe4 9. Nxe4 Nxe4 10. Bxe4 Bg4 11. Be3 f5 12. Bd3 Bxf3 13. Qxf3 Bxd4 14. Bxd4 Qxd4 15. Bxf5 gxf5 16. Qxf5 Qf6 17. Qe4 Na6 18. Rae1 Rad8 19. Re3 Rd4 20. Rg3+ Kh8 21. Qe2 Rf4 22. Qh5 Rf8 23. Rh3 Qf5 24. Qe2 e5 25. Rh5 Qe4 26. Qd2 Qd4 27. Qe2 Re4 28. Rxh7+ Kxh7 29. Qh5+ Kg7 30. Qg5+ Kf7 31. Kh1 Rf4 32. f3 Ke6 33. Re1 Nc5 34. h3 Nd3 35. Re2 R4f5 36. Qg6+ R5f6 37. Qh7 Qxc4 38. Qxb7 R6f7 0-1

[Event "Pirgou Sphlios op 2nd"]
[Site "Greece"]
[Date "2007.08.17"]
[Round "3"]
[White "Kalergis, Nikolaos"]
[Black "Diamanteas, Petros"]
[Result "0-1"]
[WhiteElo "1800"]
[BlackElo "2005"]
[PlyCount "76"]
[EventDate "2007.08.16"]
[EventType "swiss"]
[EventRounds "7"]
[EventCountry "GRE"]
[SourceTitle "EXT 2008"]
[Source "ChessBase"]
[SourceDate "2007.11.25"]
[SourceVersion "1"]
[SourceVersionDate "2007.11.25"]
[SourceQuality "1"]

1. d4 g6 2. Nf3 c5 3. d5 Bg7 4. c4 b5 5. Qc2 bxc4 6. e3 Nf6 7. Bxc4 0-0 8. 0-0 Na6 9. Nc3 d6 10. Qe2 Nc7 11. Rb1 Rb8 12. b3 Bg4 13. Bb2 Nd7 14. h3 Bxf3 15. gxf3 Ne5 16. f4 Nxc4 17. Qxc4 Qd7 18. Kh2 Qf5 19. Rfd1 Rb4 20. Qd3 Qxd3 21. Rxd3 Rfb8 22. Ba3 R4b7 23. Rbd1 Bxc3 24. Rxc3 Nb5 25. Bb2 Nxc3 26. Bxc3 a5 27. Kg3 Ra8 28. f5 a4 29. fxg6 hxg6 30. bxa4 Rxa4 31. Rd2 f6 32. h4 Ra3 33. Rc2 Rba7 34. h5 gxh5 35. Kh4 Rxa2 36. Rc1 Rxf2 37. Rg1+ Kf7 38. Kxh5 Ra8 0-1

[Event "Pyrgos Spilios Dimitris op 1st"]
[Site "Pyrgos"]
[Date "2006.08.18"]
[Round "2"]
[White "Diamanteas, Petros"]
[Black "Foufopoulos, Anastasios"]
[Result "1-0"]
[WhiteElo "2030"]
[BlackElo "1560"]
[PlyCount "85"]
[EventDate "2006.08.18"]
[EventType "swiss"]
[EventRounds "6"]
[EventCountry "GRE"]
[SourceTitle "EXT 2024"]
[Source "ChessBase"]
[SourceDate "2023.10.10"]
[SourceVersion "1"]
[SourceVersionDate "2023.10.10"]
[SourceQuality "1"]

1. e4 c5 2. Nf3 d6 3. c3 Nc6 4. d4 cxd4 5. cxd4 e6 6. Nc3 Nf6 7. Bd3 Be7 8. 0-0 0-0 9. a3 a6 10. b4 Bd7 11. Bb2 Rc8 12. Rc1 Re8 13. Re1 b5 14. e5 Nd5 15. Ne4 dxe5 16. dxe5 Rf8 17. Nc5 Bxc5 18. Rxc5 Qe7 19. h4 h6 20. g3 Ra8 21. Qe2 Ncxb4 22. axb4 Nxb4 23. Rc7 Nd5 24. Rcc1 Rfb8 25. Qe4 g6 26. h5 Be8 27. hxg6 fxg6 28. Bd4 b4 29. Bc5 Qf7 30. Bd6 Rb7 31. Bc4 Nc3 32. Rxc3 bxc3 33. Bxe6 Qxe6 34. Qxb7 Rc8 35. Nd4 Qc4 36. Qb3 c2 37. Rc1 Ba4 38. Qxc4+ Rxc4 39. Ne6 Kf7 40. Nc5 Bb5 41. Nb3 Bc6 42. Na5 Bb5 43. Nxc4 1-0